000 00638nam a2200229Ia 4500
005 20241129104216.0
008 241129s9999||||xx |||||||||||||| ||und||
020 _a9789811628375
037 _aTextual
040 _aRTL
_beng
_cRTL
041 _aeng
_2eng
084 _aX9:328 R1
_qRTL
100 _aSrinivasan R
245 0 _aPlatform business models: Framework concepts and design
_cSrinivasan R
260 _aSingapore
_bSpringer
_c2021
300 _a344p.
365 _aINR
_b12649.5
490 _aManagement for Professionals
650 _aCommerce
942 _cTB
_hX9:328 R1
999 _c1224888
_d1224888